Largest Islands in the Black Sea - Statistics

General Stats
  • This quiz has been taken 7 times
  • The average score is 2 of 10
Answer Stats
Area in km2 Answer Country % Correct
0.7 St. Ivan Island Bulgaria
50%
0.2 Berezan Island Ukraine
25%
0.2 Kefken Island Turkey
25%
0.2 Snake Island Ukraine
25%
0.01 St. Thomas Island Bulgaria
25%
13 Tendra Spit Ukraine
25%
56 Dzharylhach Ukraine
0%
0.04 Giresun Island Turkey
0%
0.1 St. Cyricus Island Bulgaria
0%
0.03 St. Peter Island Bulgaria
0%
No matching quizzes found
Score Distribution
Percent of People with Each Score
Percentile by Number Answered
Your Score History
You have not taken this quiz